1126 1430 1858 1215 1615 1247 1980 1058 1906 1315 1124 1605 1700 1029 1637 1586 1555 1043 1613 1524 1037 1991 1387 1517 1279 1396 1132 1281 1257 1258 1458 1657 1860 1425 1960 1700 1721 1013 1740 1400 1361 1423 1797 1327 1015 1949 1429 1487 1307 1762 1862 1264 1152 1690 1807 1911 1887 1663 1039 1737 1575 1529 1292 1293 1928 1866 1516 1371 1407 1559 1150 1382 1805 1720 1034 1899 1142 1614 1443 1033 1962 1160 1029 1144 1592 1649 1174 1780 1075 1823 1956 1720 1149 1534 1239 1964 1467 1677 1655 BCNSPRNW ULIB Ver.6.0+V

เปลี่ยนเป็นภาษาไทย

Change to English
 แสดงรายละเอียดบรรณานุกรม
  กลับหน้าหลัก

Brief Record : Get Marc (ISO 2709) : E-mail record : QR code < ปิดหน้าต่าง
LEADER : 00000nam 2200000uu 4500
001    13399115016
003     ULIB
008    020711s|||| th a 000 0 tha d
245    ^aความเครียด ความวิตกกังวล และสุขภาพ /^cจำลอง ดิษยวณิช
260    ^a ^bม.ป.ท.,^cม.ป.ป.
945    ^p0^l0^i016436
999    ^aวรรณษา ชูชัยมงคล
รายการนี้ยังไม่มีแท็ก
คุณยังไม่ได้ล็อกอิน คุณสามารถมีกิจกรรมร่วมกับเว็บไซต์ได้ แต่ต้องล็อกอินก่อน ::
  ล็อกอิน

รายการสื่อสารสนเทศ

ลำดับที่ ประเภท เลขเรียก/บาร์โค้ด สถานที่ สถานะ
- ไม่พบข้อมูล -

รายการใกล้เคียง
    ผู้แต่ง []

BibComment


ยังไม่เคยถูกคอมเมนท์

คอมเมนท์ทรัพยากรรายการนี้
  คอมเมนท์: ความเครียด ความว..


 Copyright 2026. Bcnsprnw @Library